Statistics for Watch Me Moves

Click here to take the quiz!

General Stats

  • This quiz has been taken 6 times
  • The average score is 6 of 8

Answer Stats

Answer% Correct
Bop
100%
Break Your Legs
100%
Nae Nae
100%
Stanky Leg
75%
Superman
75%
Whip
75%
Duff
25%
You
25%

Score Distribution

Percentile by Number Answered

Percent of People with Each Score

Your Score History

You have not taken this quiz